A Century of Baby Names Quiz Stats

 Plays Quiz Updated Jul 21, 2016

Challenge
Share
Tweet
Embed
Score 0/60 Timer 08:00
12 Plays Today
Rank Baby Name % Correct
2.John
90.6%
1.Mary
81.7%
1.James
79.3%
4.Michael
77.4%
5.William
74%
4.Elizabeth
73%
6.David
69.1%
3.Robert
68.9%
13.Matthew
67%
9.Thomas
63.3%
16.Mark
62.6%
19.George
62.5%
17.Paul
61.9%
10.Sarah
61.4%
3.Jennifer
60.9%
8.Joseph
58%
12.Daniel
57.8%
7.Richard
56.3%
21.Andrew
55.4%
11.Christopher
54.3%
10.Charles
53.3%
18.Steven
52.5%
22.Emily
51.7%
7.Susan
51.3%
8.Jessica
50.8%
9.Margaret
48%
23.Edward
44.4%
28.Laura
44%
15.Lisa
42.4%
20.Carol
42%
Rank Baby Name % Correct
5.Linda
41.3%
21.Michelle
40.9%
24.Brian
40.4%
6.Barbara
39.2%
2.Patricia
39%
27.Timothy
38.5%
29.Rebecca
37.9%
22.Joshua
37.6%
25.Kevin
36.4%
23.Helen
35.9%
15.Donald
35.9%
14.Anthony
35.8%
24.Amanda
34.1%
28.Jason
33.8%
27.Stephanie
33.6%
11.Karen
33.2%
12.Nancy
32.8%
17.Ashley
30.7%
26.Deborah
30.6%
26.Ronald
30.2%
25.Melissa
30.2%
30.Ryan
29.5%
29.Jeffrey
28%
19.Donna
26.6%
18.Kimberly
26%
13.Betty
25.7%
30.Sharon
23.9%
16.Sandra
23.8%
20.Kenneth
23.5%
14.Dorothy
22%

You're not logged in!

Compare scores with friends on all Sporcle quizzes.
Join for Free
OR
Log In

You Might Also Like...

Show Comments

Extras

Top Quizzes Today


Score Distribution

Your Account Isn't Verified!

In order to create a playlist on Sporcle, you need to verify the email address you used during registration. Go to your Sporcle Settings to finish the process.

Report this User

Report this user for behavior that violates our Community Guidelines.

Details: